| 000 | 01085nam a2200289 4500 | ||
|---|---|---|---|
| 001 | 12439 | ||
| 003 | ES-MaACL | ||
| 005 | 20251224063013.0 | ||
| 007 | t| | ||
| 008 | 000000s1982 sp a ||||0| spa d | ||
| 016 | 7 | _zIBH8312749 | |
| 020 | _a84-300-8138-0 | ||
| 040 |
_aIBH _bspa _cM-BN-DP |
||
| 080 | _a930.253.21(02) | ||
| 100 | 1 |
_aCortés Alonso, Vicenta, _d1925-2021 _9242638 |
|
| 245 | 1 | 0 |
_aManual de archivos municipales / _cpor Vicenta Cortés Alonso. |
| 260 |
_aMadrid : _bAsociación Española de Archiveros, Bibliotecarios, Museólogos y Documentalistas, _c1982. |
||
| 300 |
_a134 p., 1 h : _bil ; _c24 cm. |
||
| 490 | 1 | _aBiblioteca profesional de ANABAD : II Estudios | |
| 500 | _aIndices. | ||
| 504 | _aBibliografía: p. 117-118. | ||
| 650 | 4 |
_aArchivos municipales- _xAdministración. _99957 |
|
| 710 | 0 | 0 |
_aAsociación Española de Archiveros, Bibliotecarios, Museólogos y Documentalistas (Madrid) _91643 |
| 830 | 0 |
_aBiblioteca profesional de ANABAD : II Estudios _9228299 |
|
| 852 |
_aES-MaACL _jL-19722 _bR.123591 |
||
| 999 |
_c12439 _d12439 |
||